• 首页
  • 本馆介绍
  • 公告通知
  • 最新文献
  • 馆藏检索
  • 电子资源
  • 读者导购
  • 参考咨询
  • 我的图书馆
  • 登录
  • 详细信息显示
  • 放入我的书架
  • 预约/预借图书
  • 作者相关作品
  • 分类相关作品
  • 丛书相关作品
  • 出版社相关作品

书目信息

  • 表格格式
  • 工作单格式
  • 卡片格式
题名:
文化哲学
    
 
作者: 衣俊卿 著
分册:  
出版信息: 昆明   云南人民出版社  2001.08
页数: 350页
开本: 32开
丛书名: 哲学理论创新丛书
单 册:
中图分类: G02
科图分类:
主题词: 文化哲学
电子资源:
ISBN: 7-222-03114-6
000 00870nam0 2200241 45
001 0210290903
005 20031219104059.4
010    @a7-222-03114-6@dCNY25.00
100    @a20021029d2001 km y0chiy0120 ea
101 0  @achi
105    @a z 000yy
200 1  @a文化哲学@AWen Hua Zhe Xue@e理论理性和实践理性交汇处的文化批判@ELi Lun Li Xing He Shi Jian Li Xing Jiao Hui Chu De Wen Hua Pi Pan@f衣俊卿著@FYi Jun Qing Zhu
210    @a昆明@c云南人民出版社@d2001.08
215    @a350页@d32开
225    @a哲学理论创新丛书@f韩庆祥主编
410    @12001 @a哲学理论创新丛书
410    @1700 0@a韩庆祥@AHan Qing Xiang@4主编
517 1  @a理论理性和实践理性交汇处的文化批判@ALi Lun Li Xing He Shi Jian Li XingJiao Hui Chu De Wen Hua Pi Pan
606 0  @a文化哲学
690    @aG02@v4
701    @a衣俊卿@4著
801    @aCN@bTSTC@c20021029
905    @b316410-412@dG02@e25@f3
    
    文化哲学:理论理性和实践理性交汇处的文化批判/衣俊卿著.-昆明:云南人民出版社,2001.08
    350页;32开.-(哲学理论创新丛书/韩庆祥主编)
    
    
    ISBN 7-222-03114-6:CNY25.00
    
●
相关链接 在E读中查询图书 在五车中查询图书 在当当中查询图书 在豆瓣中查询图书


正题名:文化哲学     索取号:G02/25         预约/预借

序号 登录号 条形码 馆藏地/架位号 状态 备注
1 0316410   203164100   第四借阅区/ [索取号:G02/25] 在馆    
2 0316411   203164119   第四借阅区/ [索取号:G02/25] 在馆    
3 0316412   203164128   第一样本阅览室/ [索取号:G02/25] 在馆    
唐山师范学院图书馆 欢迎您!
大连网信软件有限公司© 版权所有